|
|
|
|
| LEADER |
00000nam a2200000Ia 4500 |
| 008 |
180606b2004 cr ||||| |||| 00| | spa d |
| 999 |
|
|
|c 1919
|d 1919
|
| 090 |
|
|
|a 06.04.05
|b 1568
|
| 110 |
|
|
|a Universidad de Costa Rica. Consejo Universitario
|9 1007
|
| 245 |
1 |
0 |
|a Memoria del sexagésimo cuarto aniversario de la Universidad de Costa Rica / Universidad de Costa Rica. Consejo Universitario
|
| 260 |
|
|
|a San José, Costa Rica :
|b Consejo Universitario,
|c 2004
|
| 300 |
|
|
|a 48 páginas
|
| 610 |
|
4 |
|9 585
|a Universidad de Costa Rica
|
| 650 |
1 |
4 |
|a INSTITUCIONES DE ENSEÑANZA SUPERIOR
|9 788
|
| 942 |
|
|
|i 003293
|h 06.04.05 1568
|2 z
|c 01
|